000 00917nam a2200253Ia 4500
003 OSt
005 20221005105712.0
006 a|||||r|||| 00| 0
007 ta
008 221004b |||||||| |||| 00| 0 hin d
020 _a9789386871589 (hbk)
_cINR 200.00
024 _a65417
037 _bGV727, 11/03/2020, Vani Prakashan
_cTextual
040 _aCRL
_cCRL
_bhin
041 _2hin
_ahin
082 _aW:5(B12).2, 152Q8
100 _aशर्मा, महेश दत्त, ले.
_9159517
245 0 _aआधार
_b आपकी पहचान
246 _aĀdhāra: āpakī pahachāna
260 _aनई दिल्ली
_bविद्या विहार भारत
_c2018
300 _a110पृ0
_ccm.
942 _hW:5(B12).2, 152Q8
_cTEXL
_2cc
999 _c1016621
_d1016621